All Forsaken Killer Skins (G666 UPD) - Statistics

General Stats
  • This quiz has been taken 261 times
    63 since last reset
  • The average score is 41 of 166
Answer Stats
.lHint Answer % Correct
Classic
81%
Gluttony
71%
Yourself
71%
Vanity
67%
Arachnid
57%
Demon King
57%
bluudud
52%
Devesto
52%
Mafioso
52%
Retro
52%
Artful
48%
Gasharpoon
48%
Hacklord
48%
YAAI
48%
1x1x1x1 Skins 1x1x1x1
43%
Annihilation
43%
Butcher
43%
Diva
43%
Guest 333
43%
Guest 999
43%
John Doe Skins John Doe
43%
Living Legend
43%
pr3typriincess
43%
Slasher Skins Slasher
43%
Subject_0
43%
The Admin
43%
Toon
43%
1Eggs
38%
c00lkidd Skins c00lkidd
38%
Delirious
38%
Geometry
38%
Guest 666 Skins Guest 666
38%
Nosferatu Skins Nosferatu
38%
Oozing Oscar
38%
Pedro.EXE
38%
Poached
38%
Pursuer
38%
Santa
38%
Snowy Owl
38%
VIP
38%
2017
33%
Combat Initiation
33%
Duck
33%
Farmboy
33%
Infected
33%
Narrator
33%
Noli Skins Noli
33%
Insane Streamer
29%
Killer Kyle
29%
Martyr
29%
Party
29%
Red Room Curse
29%
Retroe
29%
Script Builder
29%
Toolbox
29%
TV
29%
Umbra
29%
All-Star
24%
Baker
24%
Butcher's Hook
24%
DIVADAYO
24%
Hitbox Accurate
24%
Krampus
24%
Nun
24%
Original
24%
Photoshop
24%
Ripper
24%
sch00lkidd
24%
Screamer
24%
Sharkmelon
24%
Soccer Legend
24%
Apollyon
19%
ASPX
19%
Color and Electricity
19%
Crazyblox
19%
Crystalized
19%
Dapper
19%
Deep Sleep
19%
Green Guest
19%
Lumberjack
19%
Meta
19%
N1GH7M4R33
19%
p00lkidd
19%
Rave
19%
Scenecore
19%
Stitchhare
19%
The Possessed
19%
The Shining
19%
Timeless
19%
Weightson
19%
Ancient Megalodon
14%
Barber
14%
Betrayed 1x1x1x1
14%
Camp Counselor
14%
Celebration
14%
Conductor
14%
Cupcakes
14%
Executioner
14%
Hockey Star
14%
Homerunner
14%
Hungry
14%
Jack Frost
14%
Jack-O-Lantern
14%
Monochrome
14%
Overgrown
14%
Plagued
14%
Voidbound
14%
Whimsical
14%
White Pumpkin
14%
Alfred Drevis
10%
Chimera
10%
Cosplayer
10%
Cultist
10%
Darkness
10%
Demise
10%
Everfrost
10%
Eye Of The Abyss
10%
Green Envy
10%
Guardian
10%
K00lkidd
10%
Lancer
10%
Lovesick
10%
Masked Kid
10%
Metronette
10%
Milestones c00lkidd
10%
Milestones Guest 666
10%
Milestones Slasher
10%
Pride
10%
Sakura
10%
Savior
10%
Symbol
10%
16th Night
5%
Cool3r
5%
Ephialtes
5%
Evil Green Skeleton
5%
Fleskhjerta
5%
Godmother
5%
Gourd
5%
Illumina
5%
Infernum
5%
Legacy Milestones 1x1x1x1
5%
Legacy Milestones John Doe
5%
Messiah
5%
Milestones 1x1x1x1
5%
Milestones John Doe
5%
MissingNo
5%
P4j4m4k1dd
5%
Robert
5%
The Shape
5%
Toy
5%
Weirdly Strict
5%
xX4ceOfSpadesXx
5%
b4ll3rkidd
0%
Bluesteel
0%
c00kiekidd
0%
Horsemann
0%
One Scoop
0%
Pincushion
0%
Saggitial
0%
Sinister
0%
No matching quizzes found
Score Distribution
Percent of People with Each Score
Percentile by Number Answered
Your Score History
You have not taken this quiz since the last reset